The Hemingway review

Detalles Bibliográficos
Autor Corporativo: Ohio Northern University
Formato: Electrónico Revista
Lenguaje:inglés
Publicado: Ada, Ohio : Ohio Northern University
Materias:
Acceso en línea:Full text available from Research Library: 04/01/1997 to present

MARC

LEADER 00000nas a2200000 a 4500
001 ssj0001928
003 WaSeSS
005 20200512172242.0
006 m d
007 cr n
008 011015c19819999idufn pss 0 a0eng c
010 |a  2004212093 
016 7 |a 2068182-3  |2 DE-600 
022 |a 1548-4815  |l 0276-3362  |y 0276-3362 
035 |a (WaSeSS)ssj0001928 
037 |b Idaho University Press, P.O. Box 444416, Moscow, ID 83844-4416 
040 |a BUF  |b eng  |c BUF  |d OCLCQ  |d NSD  |d OCLCQ  |d OCL  |d UQ1  |d OCLCG  |d OCLCQ  |d OCLCF  |d OCLCO  |d OCLCQ  |d DLC  |d DEFHM  |d OCLCO  |d OCLCA  |d GILDS  |d OCLCO  |d OCLCA  |d AU@  |d AUD  |d VT2  |d WaSeSS 
042 |a nsdp  |a pcc 
050 1 4 |a PS3515.E37  |b Z6194 
082 0 4 |a 813/.52 
130 0 |a Hemingway review (Online) 
222 4 |a The Hemingway review  |b (Online) 
245 1 4 |a The Hemingway review  |h [electronic resource]. 
260 |a Ada, Ohio :  |b Ohio Northern University 
310 |a Two no. each school year 
362 1 |a Print began in 1981. 
500 |a Published by University of Idaho Press, Moscow, Idaho, <fall 2003-> 
506 |a License restrictions may limit access. 
538 |a Mode of access: World Wide Web. 
588 |a Description based on: Vol. 17, issue 1 (fall 1997); title from general information screen (viewed Sept. 13, 2001). 
600 1 0 |a Hemingway, Ernest,  |d 1899-1961  |v Periodicals. 
600 1 7 |a Hemingway, Ernest,  |d 1899-1961.  |2 fast  |0 (OCoLC)fst00027488 
600 1 7 |a Hemingway, Ernest,  |d 1899-1961.  |2 rasuqam 
600 1 7 |a Hemingway, Ernest  |d 1899-1961  |2 gnd 
600 1 6 |a Hemingway, Ernest,  |d 1899-1961  |v Périodiques. 
655 0 |a Electronic journals. 
710 2 |a Ohio Northern University. 
776 1 |t Hemingway review  |x 0276-3362  |w (DLC) 82643235  |w (OCoLC)7342953 
856 4 0 |z Full text available from Research Library: 04/01/1997 to present  |u https://search.proquest.com/publication/47979